Statistics for Patrick Beverly Quiz

Click here to take the quiz!

General Stats

  • This quiz has been taken 5 times
  • The average score is 8 of 15

Answer Stats

HintAnswer% Correct
What year did Pat Bev get drafted2009
80%
What team did he spend his prime onClippers
80%
What is his career high in rebounds12
60%
What is his career high in assists16
60%
How many all defensive team did he make3
60%
What is his career high in blocks3
60%
What pick was he42
60%
What is career high in steals6
60%
What is his primary number21
40%
What is his career high in points26
40%
What college did he play atArkansas
40%
What team was he drafted byLakers
40%
What team did he first play forRockets
40%
What player did he have beef with before joining forcesRussell Westbrook
40%
What is Pat bevs nicknameMr 94 feet
20%

Score Distribution

Percentile by Number Answered

Percent of People with Each Score

Your Score History

You have not taken this quiz